[Event "XtraCon-Skakligaen"]
[Site "Denmark"]
[Date "2010.01.10"]
[Round "5.8"]
[White "Koch, Soren Andreas"]
[Black "Lysberg, Jan Peter"]
[Result "1-0"]
[WhiteElo "2189"]
[BlackElo "2034"]
[PlyCount "127"]
[EventDate "2009.11.07"]
[EventType "team-tourn"]
[EventRounds "9"]
[WhiteTeam "Nordkalotten"]
[BlackTeam "Aalborg"]
[WhiteTeamCountry "DEN"]
[BlackTeamCountry "DEN"]

1. d4 d5 2. Nf3 c6 3. c4 Nf6 4. Nc3 e6 5. Bg5 Be7 6. e3 Nbd7 7. Qc2 h6 8. Bh4
O-O 9. Rd1 Re8 10. a3 Qa5 11. Bd3 dxc4 12. Bxc4 Nd5 13. Bxe7 Rxe7 14. O-O Nxc3
15. Qxc3 Qxc3 16. bxc3 Nb6 17. Bb3 Bd7 18. Rd2 Nc8 19. Ne5 Be8 20. Nd3 Nd6 21.
c4 f6 22. c5 Ne4 23. Rb2 b5 24. f3 Ng5 25. h4 Nh7 26. Kf2 Nf8 27. g4 a5 28. Kg3
Bf7 29. f4 Nd7 30. e4 Kf8 31. Rd2 Ke8 32. Kf3 Kd8 33. Rc1 Kc7 34. Rc3 Rf8 35.
Kg3 Rd8 36. Kf3 Nb8 37. Ke3 Red7 38. Ne1 e5 39. Nf3 Bxb3 40. Rxb3 exf4+ 41.
Kxf4 Re7 42. d5 Ree8 43. Nd4 Na6 44. Rc3 b4 45. Rc4 cxd5 46. exd5 Re5 47. d6+
Kd7 48. axb4 g5+ 49. hxg5 hxg5+ 50. Kg3 Rd5 51. c6+ Kxd6 52. b5 Nc5 53. Nf5+
Kc7 54. Ra2 Rd3+ 55. Kf2 Rd2+ 56. Rxd2 Rxd2+ 57. Ke3 Rd5 58. Nd4 Re5+ 59. Kf3
Ne6 60. Nxe6+ Rxe6 61. b6+ Kxb6 62. c7 Re8 63. c8=Q Rxc8 64. Rxc8 1-0

[Event "XtraCon-Skakligaen"]
[Site "Denmark"]
[Date "2010.01.31"]
[Round "6.1"]
[White "Rasmussen, Karsten"]
[Black "Matthiesen, Arne"]
[Result "1/2-1/2"]
[WhiteElo "2429"]
[BlackElo "2322"]
[PlyCount "95"]
[EventDate "2009.11.07"]
[EventType "team-tourn"]
[EventRounds "9"]
[WhiteTeam "Aarhus/skolerne"]
[BlackTeam "SK1968"]
[WhiteTeamCountry "DEN"]
[BlackTeamCountry "DEN"]

1. e4 e6 2. d4 d5 3. Nd2 Nf6 4. e5 Nfd7 5. c3 c5 6. Bd3 Nc6 7. Ne2 cxd4 8. cxd4
f6 9. exf6 Nxf6 10. Nf3 Bd6 11. O-O Qc7 12. Bg5 O-O 13. Bh4 Nh5 14. Bg3 Nxg3
15. hxg3 a6 16. Rc1 Qe7 17. Qd2 Bd7 18. Nc3 g6 19. Qe3 Qg7 20. Na4 e5 21. Nb6
Rae8 22. Nxd7 Qxd7 23. dxe5 Nxe5 24. Nxe5 Bxe5 25. Qd2 Qa4 26. b3 Qd4 27. Rcd1
Bxg3 28. Bxg6 Qxd2 29. Rxd2 hxg6 30. fxg3 Rxf1+ 31. Kxf1 Re5 32. Rf2 Kg7 33.
Rf4 Re6 34. Kf2 b6 35. a4 Re5 36. g4 Re6 37. Kf3 Re5 38. Rb4 Re6 39. Rd4 Rd6
40. g5 Kf7 41. Rf4+ Ke6 42. Ke3 Ke5 43. Rf8 a5 44. Kd3 Rc6 45. Re8+ Re6 46. Rf8
Rc6 47. Re8+ Re6 48. Rf8 1/2-1/2

[Event "XtraCon-Skakligaen"]
[Site "Denmark"]
[Date "2010.01.31"]
[Round "6.2"]
[White "Matthiesen, Martin"]
[Black "Sorensen, Jan"]
[Result "1-0"]
[WhiteElo "2295"]
[BlackElo "2423"]
[PlyCount "139"]
[EventDate "2009.11.07"]
[EventType "team-tourn"]
[EventRounds "9"]
[WhiteTeam "SK1968"]
[BlackTeam "Aarhus/skolerne"]
[WhiteTeamCountry "DEN"]
[BlackTeamCountry "DEN"]

1. d4 e6 2. c4 Nf6 3. Nc3 Bb4 4. e3 b6 5. Nge2 c5 6. a3 Ba5 7. Rb1 Na6 8. Bd2
O-O 9. g3 Bb7 10. d5 b5 11. Nxb5 Bxd2+ 12. Qxd2 exd5 13. Bg2 Qb6 14. O-O dxc4
15. Bxb7 Qxb7 16. Nd6 Qc6 17. Nc3 Nc7 18. Rfd1 Rad8 19. Qe2 Nce8 20. Nxe8 Rfxe8
21. Qxc4 d5 22. Qf4 Qe6 23. Kg2 Qb6 24. Kg1 d4 25. exd4 cxd4 26. Na4 Qa5 27. b3
Qd5 28. Rd3 Re2 29. Nc3 dxc3 30. Rxd5 Rxd5 31. Rc1 g5 32. Qxf6 c2 33. Kg2 h6
34. Qxh6 Rf5 35. Kh3 Re6 36. Qxe6 fxe6 37. Rxc2 a5 38. b4 axb4 39. axb4 Rb5 40.
Rc5 Rxb4 41. Rxg5+ Kf7 42. Re5 Rb2 43. Kg2 Kf6 44. Re3 Kf5 45. Kf3 Ra2 46. h4
Rb2 47. g4+ Kf6 48. Ra3 Rb5 49. Kg3 Rb1 50. Rf3+ Kg6 51. Re3 Rb6 52. Kf4 Ra6
53. h5+ Kh6 54. f3 Rb6 55. Ra3 Rc6 56. Ra7 Rc1 57. Rf7 Re1 58. Rf6+ Kh7 59. g5
Kg8 60. h6 Rh1 61. Rxe6 Ra1 62. g6 Ra8 63. Kg4 Rb8 64. Re7 Kh8 65. f4 Ra8 66.
Rf7 Rb8 67. Kg5 Ra8 68. f5 Rb8 69. h7 Ra8 70. Kh6 1-0

[Event "XtraCon-Skakligaen"]
[Site "Denmark"]
[Date "2010.01.31"]
[Round "6.3"]
[White "Skytte, Rasmus"]
[Black "Hansen, Lars"]
[Result "1-0"]
[WhiteElo "2386"]
[BlackElo "2209"]
[PlyCount "65"]
[EventDate "2009.11.07"]
[EventType "team-tourn"]
[EventRounds "9"]
[WhiteTeam "Aarhus/skolerne"]
[BlackTeam "SK1968"]
[WhiteTeamCountry "DEN"]
[BlackTeamCountry "DEN"]

1. e4 g6 2. d4 Bg7 3. Nc3 c6 4. Be3 d5 5. Nf3 dxe4 6. Nxe4 Bg4 7. Bc4 Nf6 8.
Nxf6+ Bxf6 9. h3 Bxf3 10. Qxf3 O-O 11. h4 Qd6 12. O-O-O b5 13. Bb3 a5 14. h5 g5
15. c3 h6 16. Qe4 Bg7 17. g4 Nd7 18. f4 a4 19. Bc2 f5 20. gxf5 Nf6 21. Qf3 Qd5
22. Qe2 Qxa2 23. fxg5 Nd5 24. f6 exf6 25. gxh6 a3 26. Qd3 axb2+ 27. Kd2 f5 28.
hxg7 Rfe8 29. h6 Nxe3 30. h7+ Kxg7 31. h8=Q+ Rxh8 32. Qxe3 Qd5 33. Qe7+ 1-0

[Event "XtraCon-Skakligaen"]
[Site "Denmark"]
[Date "2010.01.31"]
[Round "6.5"]
[White "Christensen, Tobias"]
[Black "Riis, Jens"]
[Result "1-0"]
[WhiteElo "2352"]
[BlackElo "2152"]
[PlyCount "117"]
[EventDate "2009.11.07"]
[EventType "team-tourn"]
[EventRounds "9"]
[WhiteTeam "Aarhus/skolerne"]
[BlackTeam "SK1968"]
[WhiteTeamCountry "DEN"]
[BlackTeamCountry "DEN"]

1. d4 Nf6 2. Nf3 g6 3. Bg5 Bg7 4. Nc3 d5 5. Bxf6 exf6 6. g3 O-O 7. Bg2 Re8 8.
O-O c6 9. Qd3 f5 10. e3 Nd7 11. Rac1 Nf6 12. Na4 Ne4 13. b3 b5 14. Nc5 Qa5 15.
c4 bxc4 16. bxc4 Nxc5 17. dxc5 Ba6 18. Qd2 Qxc5 19. cxd5 Qxd5 20. Nd4 Qd8 21.
Rfd1 Rc8 22. Rxc6 Bb7 23. Rxc8 Qxc8 24. Nb5 Bxg2 25. Kxg2 a6 26. Nd6 Qc6+ 27.
Qd5 Qxd5+ 28. Rxd5 Rd8 29. Nxf5 Rxd5 30. Ne7+ Kf8 31. Nxd5 Be5 32. Kf3 f5 33.
e4 fxe4+ 34. Kxe4 Bb2 35. Kd3 Be5 36. Nb4 a5 37. Nc6 Bc7 38. Kc4 Bb6 39. f3 Kf7
40. Kb5 Bg1 41. h3 Bf2 42. Nxa5 Bxg3 43. Nc4 Kf6 44. a4 Be1 45. Ne3 Ke5 46. Nc2
Bd2 47. Nb4 Kf4 48. a5 Kxf3 49. a6 Be3 50. Nd5 Ba7 51. Kc6 g5 52. Kb7 h5 53.
Nf6 Bf2 54. Nxh5 Kg2 55. Nf6 Kf3 56. Nd5 Kg3 57. Nb6 Bxb6 58. Kxb6 Kxh3 59. a7
1-0

[Event "XtraCon-Skakligaen"]
[Site "Denmark"]
[Date "2010.01.31"]
[Round "6.6"]
[White "Steffensen, Torben"]
[Black "Boe, Mads"]
[Result "0-1"]
[WhiteElo "2187"]
[BlackElo "2326"]
[PlyCount "70"]
[EventDate "2009.11.07"]
[EventType "team-tourn"]
[EventRounds "9"]
[WhiteTeam "SK1968"]
[BlackTeam "Aarhus/skolerne"]
[WhiteTeamCountry "DEN"]
[BlackTeamCountry "DEN"]

1. d4 f5 2. Nc3 d5 3. Bg5 g6 4. h4 Bg7 5. e3 Be6 6. h5 h6 7. Bf4 g5 8. Bg3 c6
9. Nf3 Nd7 10. Ne5 Ngf6 11. Be2 O-O 12. Ng6 Re8 13. Ne5 Qc8 14. Qd2 b5 15. Bd3
a5 16. O-O-O Nb6 17. f3 Nfd7 18. Kb1 Nxe5 19. Bxe5 Bxe5 20. dxe5 b4 21. Ne2 c5
22. g4 fxg4 23. f4 Qc7 24. Bh7+ Kh8 25. Rdg1 Rf8 26. Qd3 Nc4 27. Ng3 Nxe5 28.
fxe5 Qxe5 29. Bg6 a4 30. a3 Rab8 31. axb4 Rxb4 32. c3 Rb3 33. Rh2 Rfb8 34. Rgg2
Rxc3 35. Qa6 Rxe3 0-1

[Event "XtraCon-Skakligaen"]
[Site "Denmark"]
[Date "2010.01.31"]
[Round "6.7"]
[White "Pedersen, Finn"]
[Black "Bangsbro, Allan"]
[Result "1/2-1/2"]
[WhiteElo "2334"]
[BlackElo "2126"]
[PlyCount "123"]
[EventDate "2009.11.07"]
[EventType "team-tourn"]
[EventRounds "9"]
[WhiteTeam "Aarhus/skolerne"]
[BlackTeam "SK1968"]
[WhiteTeamCountry "DEN"]
[BlackTeamCountry "DEN"]

1. d4 d5 2. Nf3 Nc6 3. Bf4 Bg4 4. Nbd2 e6 5. e3 Bd6 6. h3 Bh5 7. Bxd6 cxd6 8.
c4 Nf6 9. Qb3 Qb6 10. g4 Bg6 11. Bg2 dxc4 12. Qxb6 axb6 13. Nxc4 d5 14. Nce5
Be4 15. O-O Nxe5 16. Nxe5 Bxg2 17. Kxg2 Nd7 18. Nd3 Ke7 19. a3 Rhc8 20. Rac1
Kd8 21. Kf3 Rxc1 22. Rxc1 Rc8 23. Rxc8+ Kxc8 24. e4 dxe4+ 25. Kxe4 Nf6+ 26. Ke5
Kc7 27. g5 Nd7+ 28. Ke4 Kd6 29. h4 f5+ 30. Ke3 Kd5 31. Nf4+ Kd6 32. h5 h6 33.
gxh6 gxh6 34. b3 Nf6 35. f3 b5 36. Kd3 b6 37. Kc3 Nd5+ 38. Nxd5 Kxd5 39. Kd3 f4
40. Kc3 e5 41. dxe5 Kxe5 42. a4 bxa4 43. bxa4 Kd5 44. Kd3 Kc5 45. Ke4 Kb4 46.
Kxf4 Kxa4 47. Ke3 Kb5 48. Kd4 Kc6 49. Ke5 b5 50. f4 Kd7 51. Kd5 Ke7 52. Kc5 Kf6
53. Kxb5 Kf5 54. Kc4 Kxf4 55. Kd3 Kg4 56. Ke2 Kxh5 57. Kf2 Kg4 58. Kg2 h5 59.
Kh2 h4 60. Kg2 h3+ 61. Kh2 Kf3 62. Kxh3 1/2-1/2

[Event "XtraCon-Skakligaen"]
[Site "Denmark"]
[Date "2010.01.31"]
[Round "6.1"]
[White "Hector, Jonny"]
[Black "Semcesen, Daniel"]
[Result "1-0"]
[WhiteElo "2572"]
[BlackElo "2460"]
[PlyCount "67"]
[EventDate "2009.11.07"]
[EventType "team-tourn"]
[EventRounds "9"]
[WhiteTeam "Nordkalotten"]
[BlackTeam "K41"]
[WhiteTeamCountry "DEN"]
[BlackTeamCountry "DEN"]

1. e4 e5 2. Nf3 Nf6 3. d4 Nxe4 4. dxe5 d5 5. Nbd2 Nc5 6. Nb3 Nc6 7. Bb5 a6 8.
Bxc6+ bxc6 9. Bg5 Qd7 10. O-O Ne6 11. Bh4 Rb8 12. Qd2 c5 13. c3 Bb7 14. Ng5 c4
15. Nd4 c5 16. Ne2 Be7 17. f4 Bxg5 18. Bxg5 Nxg5 19. fxg5 O-O 20. Ng3 Rbe8 21.
Rae1 Qc7 22. Qf4 Re6 23. Nf5 Bc8 24. Nd6 Rg6 25. h4 Qe7 26. Qe3 h6 27. gxh6
Qxh4 28. hxg7 Rxg7 29. Nxc8 Rxc8 30. e6 Qg4 31. exf7+ Kh7 32. Re2 d4 33. Qe8 d3
34. Ref2 1-0

[Event "XtraCon-Skakligaen"]
[Site "Denmark"]
[Date "2010.01.31"]
[Round "6.2"]
[White "Lund, Silas"]
[Black "Brynell, Stellan"]
[Result "0-1"]
[WhiteElo "2411"]
[BlackElo "2472"]
[PlyCount "64"]
[EventDate "2009.11.07"]
[EventType "team-tourn"]
[EventRounds "9"]
[WhiteTeam "K41"]
[BlackTeam "Nordkalotten"]
[WhiteTeamCountry "DEN"]
[BlackTeamCountry "DEN"]

1. d4 e6 2. c4 Nf6 3. Nc3 Bb4 4. e3 O-O 5. Bd3 d5 6. Nf3 c5 7. O-O Nc6 8. a3
Ba5 9. Ne2 dxc4 10. Bxc4 cxd4 11. exd4 h6 12. Qd3 Bc7 13. Rd1 b6 14. Nc3 Ne7
15. Ne5 Bb7 16. Qh3 Nfd5 17. Bd3 f5 18. Nb5 Bb8 19. a4 a6 20. Nc3 Bd6 21. Re1
Rf6 22. Bc4 Rc8 23. Qd3 Nb4 24. Qd1 Ng6 25. Qb3 Rxc4 26. Nxc4 Nh4 27. Nxd6 Qxd6
28. Bf4 Qxf4 29. Rxe6 Kh7 30. Rxf6 Qg4 31. Rxh6+ Kxh6 32. Qe6+ Kh7 0-1

[Event "XtraCon-Skakligaen"]
[Site "Denmark"]
[Date "2010.01.31"]
[Round "6.3"]
[White "Ahlander, Bjorn"]
[Black "Hagen, Andreas Skytte"]
[Result "1/2-1/2"]
[WhiteElo "2419"]
[BlackElo "2331"]
[PlyCount "89"]
[EventDate "2009.11.07"]
[EventType "team-tourn"]
[EventRounds "9"]
[WhiteTeam "Nordkalotten"]
[BlackTeam "K41"]
[WhiteTeamCountry "DEN"]
[BlackTeamCountry "DEN"]

1. d4 Nf6 2. c4 e6 3. Nf3 b6 4. Nc3 Bb7 5. Bg5 Be7 6. e3 h6 7. Bh4 Ne4 8. Bxe7
Qxe7 9. Qc2 Nxc3 10. Qxc3 O-O 11. Be2 d6 12. O-O Nd7 13. b4 a5 14. a3 axb4 15.
axb4 Rxa1 16. Rxa1 Ra8 17. Rxa8+ Bxa8 18. Qa3 Qd8 19. Nd2 Bb7 20. Qa4 Nf6 21.
Bf3 Bxf3 22. Nxf3 Kf8 23. Nd2 Ke7 24. e4 Qd7 25. b5 e5 26. f3 Ne8 27. Qa1 Qe6
28. Qc3 exd4 29. Qxd4 Qe5 30. Qd3 Qa1+ 31. Nf1 Nf6 32. Kf2 Qa2+ 33. Qe2 Qa1 34.
Ne3 Qd4 35. Qd1 Qb2+ 36. Qc2 Qd4 37. Ke2 g6 38. g3 Qa1 39. Qd1 Qa2+ 40. Qd2 Qb1
41. Qd1 Qa2+ 42. Qc2 Qa1 43. Qd1 Qa2+ 44. Qd2 Qb1 45. Qd1 1/2-1/2

[Event "XtraCon-Skakligaen"]
[Site "Denmark"]
[Date "2010.01.31"]
[Round "6.4"]
[White "Greger, Roland Reinhard"]
[Black "Hove, Esben Kjems"]
[Result "1-0"]
[WhiteElo "2382"]
[BlackElo "2269"]
[PlyCount "59"]
[EventDate "2009.11.07"]
[EventType "team-tourn"]
[EventRounds "9"]
[WhiteTeam "K41"]
[BlackTeam "Nordkalotten"]
[WhiteTeamCountry "DEN"]
[BlackTeamCountry "DEN"]

1. e4 c6 2. d4 d5 3. e5 Bf5 4. Nc3 e6 5. g4 Bg6 6. Nge2 Ne7 7. Be3 h5 8. Nf4
hxg4 9. Nxg6 Nxg6 10. Bd3 Nh4 11. Qxg4 g6 12. O-O-O Be7 13. Ne2 Nd7 14. Kb1 Nf5
15. Bxf5 exf5 16. Qg2 Nf8 17. c4 Ne6 18. Nc3 dxc4 19. d5 cxd5 20. Nxd5 Qc8 21.
Nxe7 Kxe7 22. Bg5+ Ke8 23. Bf6 Rh5 24. Rd6 Qc7 25. Rc1 Rc8 26. h4 f4 27. Qd5
Rf5 28. Rxe6+ fxe6 29. Qxe6+ Kf8 30. Rxc4 1-0

[Event "XtraCon-Skakligaen"]
[Site "Denmark"]
[Date "2010.01.31"]
[Round "6.6"]
[White "Nilsson, Sebastian"]
[Black "Nielsen, Lars Aaes"]
[Result "1-0"]
[WhiteElo "2312"]
[BlackElo "2248"]
[PlyCount "85"]
[EventDate "2009.11.07"]
[EventType "team-tourn"]
[EventRounds "9"]
[WhiteTeam "K41"]
[BlackTeam "Nordkalotten"]
[WhiteTeamCountry "DEN"]
[BlackTeamCountry "DEN"]

1. e4 e6 2. d4 d5 3. Nc3 Bb4 4. e5 b6 5. a3 Bxc3+ 6. bxc3 Qd7 7. a4 Ba6 8. Bxa6
Nxa6 9. Qd3 Nb8 10. Qg3 f5 11. a5 Nc6 12. axb6 cxb6 13. Ne2 Na5 14. h4 Qf7 15.
h5 Ne7 16. h6 g6 17. Bg5 Nc4 18. Bf6 Rg8 19. Nf4 a5 20. Nh3 g5 21. Nxg5 Qg6 22.
Nxe6 Qxg3 23. fxg3 Kd7 24. Ng5 Ne3 25. Ke2 Ng4 26. Nxh7 Rg6 27. Bg7 Ng8 28.
Nf8+ Rxf8 29. Bxf8 N8xh6 30. Rh5 Nf7 31. Rxf5 Ng5 32. Bd6 Kc6 33. Rf8 Ne4 34.
Rc8+ Kb7 35. Rc7+ Ka6 36. Rb1 Nxg3+ 37. Kd2 Ne4+ 38. Kc1 Ne3 39. Kb2 Rxg2 40.
Rc1 Nd2 41. Bf8 Ndc4+ 42. Kb1 Na3+ 43. Bxa3 1-0

[Event "XtraCon-Skakligaen"]
[Site "Denmark"]
[Date "2010.01.31"]
[Round "6.7"]
[White "Jakobsen, Peter"]
[Black "Schmidt, Kristen"]
[Result "1/2-1/2"]
[WhiteElo "2225"]
[BlackElo "2281"]
[PlyCount "66"]
[EventDate "2009.11.07"]
[EventType "team-tourn"]
[EventRounds "9"]
[WhiteTeam "Nordkalotten"]
[BlackTeam "K41"]
[WhiteTeamCountry "DEN"]
[BlackTeamCountry "DEN"]

1. d4 Nf6 2. c4 g6 3. Nc3 Bg7 4. e4 d6 5. f3 O-O 6. Be3 Nc6 7. Nge2 a6 8. Qd2
Rb8 9. g4 b5 10. h4 Re8 11. h5 e5 12. d5 Nd4 13. Nxd4 exd4 14. Bxd4 Bxg4 15.
Qf4 Bd7 16. hxg6 fxg6 17. O-O-O Rf8 18. Qe3 Qe7 19. e5 dxe5 20. Bc5 Qf7 21.
Bxf8 Qxf8 22. Kb1 Bf5+ 23. Bd3 Bxd3+ 24. Qxd3 e4 25. fxe4 bxc4 26. Qxc4 Rb4 27.
Qc6 Nxe4 28. Qe6+ Kh8 29. Nxe4 Rxb2+ 30. Kc1 Qa3 31. Qe8+ Bf8 32. Qe5+ Bg7 33.
Qe8+ Bf8 1/2-1/2

[Event "XtraCon-Skakligaen"]
[Site "Denmark"]
[Date "2010.01.31"]
[Round "6.8"]
[White "Naes, Flovin Tor"]
[Black "Koch, Soren Andreas"]
[Result "1-0"]
[WhiteElo "2262"]
[BlackElo "2189"]
[PlyCount "93"]
[EventDate "2009.11.07"]
[EventType "team-tourn"]
[EventRounds "9"]
[WhiteTeam "K41"]
[BlackTeam "Nordkalotten"]
[WhiteTeamCountry "DEN"]
[BlackTeamCountry "DEN"]

1. e4 e5 2. Nf3 Nc6 3. Bb5 Nge7 4. c3 g6 5. O-O Bg7 6. d4 exd4 7. cxd4 d5 8.
exd5 Nxd5 9. Re1+ Be6 10. Bxc6+ bxc6 11. Bg5 Qd6 12. Nbd2 O-O 13. Rc1 Rfe8 14.
b3 Bf5 15. Nc4 Qf8 16. Na5 h6 17. Bh4 Rxe1+ 18. Qxe1 Re8 19. Qd2 Be4 20. Nxc6
f5 21. Nfe5 g5 22. Bg3 f4 23. f3 Bf5 24. Bf2 Qd6 25. h3 a6 26. Qa5 Bc8 27. Qc5
Bb7 28. Na5 Ba8 29. Qxd6 cxd6 30. Nec4 Bf8 31. Re1 Kf7 32. Kf1 Rb8 33. a3 Nc7
34. Ke2 Bd5 35. Kd3 Rb5 36. b4 Rb8 37. Rc1 Ne6 38. Nd2 Kf6 39. Ne4+ Kf5 40. Nc3
Ba8 41. d5 Nd8 42. Re1 Nf7 43. Bd4 Rc8 44. Re6 Ne5+ 45. Bxe5 dxe5 46. Ne4 Bxd5
47. Rf6# 1-0

[Event "XtraCon-Skakligaen"]
[Site "Denmark"]
[Date "2010.01.31"]
[Round "6.1"]
[White "Schandorff, Lars"]
[Black "Hillarp Persson, Tiger"]
[Result "1/2-1/2"]
[WhiteElo "2501"]
[BlackElo "2576"]
[PlyCount "93"]
[EventDate "2009.11.07"]
[EventType "team-tourn"]
[EventRounds "9"]
[WhiteTeam "Sydostfyn"]
[BlackTeam "Bronshoj"]
[WhiteTeamCountry "DEN"]
[BlackTeamCountry "DEN"]

1. d4 e6 2. c4 c5 3. Nf3 cxd4 4. Nxd4 a6 5. e3 Nf6 6. Be2 Be7 7. O-O O-O 8. Nc3
Qc7 9. a3 b6 10. Bf3 Nc6 11. Nxc6 dxc6 12. b4 Bb7 13. Bb2 Nd7 14. Na4 Rfd8 15.
Qc2 c5 16. Bxb7 Qxb7 17. bxc5 Nxc5 18. Nxc5 Bxc5 19. Rfd1 Qc6 20. h3 f6 21.
Rxd8+ Rxd8 22. Rd1 Rxd1+ 23. Qxd1 e5 24. Qd3 e4 25. Qd8+ Kf7 26. Qd1 g6 27. a4
h5 28. Qb3 Ke6 29. Bd4 Kd7 30. g3 Kc7 31. h4 g5 32. hxg5 fxg5 33. Bxc5 Qxc5 34.
Qc3 Qf5 35. Qg7+ Kc6 36. Qh6+ Kc5 37. Qxh5 Qe5 38. Qd1 Qd6 39. Qa1 Kxc4 40. Qb1
Kd5 41. Qb3+ Ke5 42. Qc3+ Ke6 43. Qc4+ Qd5 44. Qxa6 Qd1+ 45. Kg2 Qf3+ 46. Kg1
Qd1+ 47. Kg2 1/2-1/2

[Event "XtraCon-Skakligaen"]
[Site "Denmark"]
[Date "2010.01.31"]
[Round "6.2"]
[White "Bromann, Thorbjorn"]
[Black "Pedersen, Steffen"]
[Result "1-0"]
[WhiteElo "2434"]
[BlackElo "2428"]
[PlyCount "117"]
[EventDate "2009.11.07"]
[EventType "team-tourn"]
[EventRounds "9"]
[WhiteTeam "Bronshoj"]
[BlackTeam "Sydostfyn"]
[WhiteTeamCountry "DEN"]
[BlackTeamCountry "DEN"]

1. e4 e5 2. Nf3 Nc6 3. Nc3 Nf6 4. g3 d5 5. exd5 Nxd5 6. Bg2 Nxc3 7. bxc3 Bd6 8.
O-O O-O 9. Re1 Bg4 10. Rb1 Rb8 11. h3 Bh5 12. d3 f5 13. Qd2 h6 14. c4 Qd7 15.
Bb2 Rbe8 16. c5 Bxf3 17. Bxf3 Bxc5 18. Bxc6 bxc6 19. Bxe5 f4 20. Bxf4 Qxh3 21.
Rxe8 Rxe8 22. Bxc7 Qe6 23. c3 Bf8 24. Rb8 Re7 25. Bf4 Rd7 26. d4 g5 27. Be3 Qg6
28. Qb2 h5 29. Qb3+ Kg7 30. Rb7 Rxb7 31. Qxb7+ Kh6 32. Qxa7 h4 33. Qd7 Bd6 34.
Qg4 hxg3 35. Qh4+ Qh5 36. Bxg5+ Kg6 37. Qxh5+ Kxh5 38. Be3 Kg4 39. Kg2 gxf2 40.
Kxf2 Ba3 41. Ke2 Kf5 42. Kd3 Ke6 43. Kc4 Kd7 44. Bf4 Kc8 45. Kd3 Kb7 46. Bd2
Ka6 47. c4 Kb6 48. Ke4 Kc7 49. Ba5+ Kb7 50. Ke5 Ka6 51. Bc3 Kb7 52. Ke6 Kc8 53.
c5 Kc7 54. Ke7 Bc1 55. a4 Bg5+ 56. Ke6 Bh6 57. a5 Kb7 58. Kd7 Bg7 59. d5 1-0

[Event "XtraCon-Skakligaen"]
[Site "Denmark"]
[Date "2010.01.31"]
[Round "6.4"]
[White "Bekker Jensen, Simon"]
[Black "Nordenbaek, Jan"]
[Result "1-0"]
[WhiteElo "2407"]
[BlackElo "2210"]
[PlyCount "109"]
[EventDate "2009.11.07"]
[EventType "team-tourn"]
[EventRounds "9"]
[WhiteTeam "Bronshoj"]
[BlackTeam "Sydostfyn"]
[WhiteTeamCountry "DEN"]
[BlackTeamCountry "DEN"]

1. d4 Nf6 2. c4 g6 3. Nc3 d5 4. Nf3 Bg7 5. Qb3 dxc4 6. Qxc4 O-O 7. e4 Nc6 8.
Be2 Nd7 9. Be3 Nb6 10. Qc5 a5 11. O-O Bg4 12. Rad1 Bxf3 13. Bxf3 Nd7 14. Qb5 e5
15. dxe5 Ncxe5 16. Be2 c6 17. Qb3 g5 18. Rd2 b5 19. a4 b4 20. Nb1 Qe7 21. Rfd1
Nc5 22. Qc2 Ne6 23. b3 c5 24. Rd5 Rac8 25. Rc1 Nc6 26. Bg4 Ncd4 27. Qc4 h6 28.
Nd2 Rfd8 29. Nf3 Rc7 30. Bxe6 Nxe6 31. Rcd1 Rdc8 32. e5 Nf8 33. h4 gxh4 34.
Nxh4 Qe6 35. f4 Qg4 36. f5 Qxc4 37. bxc4 Re8 38. Bf4 Nh7 39. Rd8 Rc8 40. Rxc8
Rxc8 41. f6 Bf8 42. Nf3 Re8 43. Rd3 Nxf6 44. exf6 Re4 45. Bd2 Rxc4 46. Rd8 b3
47. Rb8 Rxa4 48. Rxb3 Kh7 49. Ne5 c4 50. Rb7 Ra2 51. Bf4 c3 52. Rxf7+ Kg8 53.
Rc7 c2 54. Rc8 Ra4 55. Rxf8+ 1-0

[Event "XtraCon-Skakligaen"]
[Site "Denmark"]
[Date "2010.01.31"]
[Round "6.5"]
[White "Nohr, Finn"]
[Black "Pilgaard, Kim"]
[Result "0-1"]
[WhiteElo "2079"]
[BlackElo "2435"]
[PlyCount "62"]
[EventDate "2009.11.07"]
[EventType "team-tourn"]
[EventRounds "9"]
[WhiteTeam "Sydostfyn"]
[BlackTeam "Bronshoj"]
[WhiteTeamCountry "DEN"]
[BlackTeamCountry "DEN"]

1. e4 e5 2. Nf3 Nc6 3. Bb5 Nge7 4. O-O g6 5. c3 Bg7 6. d4 exd4 7. cxd4 a6 8.
Ba4 O-O 9. Bg5 h6 10. Be3 b5 11. Bb3 d6 12. Qd2 Kh7 13. d5 Nb8 14. a4 bxa4 15.
Bxa4 f5 16. Bd4 fxe4 17. Bxg7 Kxg7 18. Qd4+ Kh7 19. Qxe4 Bf5 20. Qd4 c5 21.
dxc6 Nbxc6 22. Qd2 Be4 23. Nd4 Nxd4 24. Qxd4 Bb7 25. Nc3 Nf5 26. Qd2 d5 27. Ne2
d4 28. Bc2 Bxg2 29. Kxg2 Nh4+ 30. Kh3 Nf3 31. Bxg6+ Kg7 0-1

[Event "XtraCon-Skakligaen"]
[Site "Denmark"]
[Date "2010.01.31"]
[Round "6.6"]
[White "Carstensen, Jacob"]
[Black "Nielsen, Niels Peter"]
[Result "1/2-1/2"]
[WhiteElo "2317"]
[BlackElo "2184"]
[PlyCount "99"]
[EventDate "2009.11.07"]
[EventType "team-tourn"]
[EventRounds "9"]
[WhiteTeam "Bronshoj"]
[BlackTeam "Sydostfyn"]
[WhiteTeamCountry "DEN"]
[BlackTeamCountry "DEN"]

1. d4 d5 2. c4 c6 3. Nf3 Nf6 4. e3 a6 5. Bd3 e6 6. a4 dxc4 7. Bxc4 c5 8. O-O
Nc6 9. Qe2 Be7 10. Rd1 Bd7 11. Nc3 cxd4 12. exd4 O-O 13. Ne5 Nb4 14. Bg5 Bc6
15. Rac1 Nfd5 16. Nxc6 Nxc6 17. Be3 Ncb4 18. Ne4 Rc8 19. Bd2 Nb6 20. Bb3 Rxc1
21. Bxc1 N6d5 22. Bd2 Nc6 23. Bc3 Bb4 24. Bc2 Bxc3 25. Nxc3 Ncb4 26. Be4 Qc7
27. Qh5 g6 28. Qf3 Nxc3 29. bxc3 Nd5 30. Bxd5 exd5 31. Qxd5 Qxc3 32. Qxb7 Qc2
33. Ra1 Qc3 34. Rb1 Qd3 35. Qb6 Rc8 36. d5 Qxd5 37. Qxa6 Ra8 38. Qf6 Qe4 39.
Rc1 Qxa4 40. h4 Qa6 41. Qf4 h5 42. Rc7 Qa1+ 43. Kh2 Rf8 44. Re7 Kg7 45. Re5 Qa6
46. Qg3 Kh7 47. f4 Qf6 48. f5 Rd8 49. Qf4 Kg7 50. Kh3 1/2-1/2

[Event "XtraCon-Skakligaen"]
[Site "Denmark"]
[Date "2010.01.31"]
[Round "6.7"]
[White "Strandby, Martin"]
[Black "Palm, Nikolaj"]
[Result "0-1"]
[WhiteElo "2159"]
[BlackElo "2276"]
[PlyCount "82"]
[EventDate "2009.11.07"]
[EventType "team-tourn"]
[EventRounds "9"]
[WhiteTeam "Sydostfyn"]
[BlackTeam "Bronshoj"]
[WhiteTeamCountry "DEN"]
[BlackTeamCountry "DEN"]

1. Nf3 d5 2. d4 e6 3. c4 c6 4. Qc2 f5 5. g3 Bd6 6. Bg2 Nf6 7. Bf4 Bxf4 8. gxf4
O-O 9. e3 Ne4 10. Nc3 b6 11. O-O-O Bb7 12. Nxe4 fxe4 13. Ne5 Nd7 14. Nxd7 Qxd7
15. c5 Ba6 16. Bf1 Qb7 17. Rg1 Rab8 18. Bxa6 Qxa6 19. Kb1 Rf7 20. Rd2 Rfb7 21.
Rc1 Kf7 22. Qd1 g6 23. f3 bxc5 24. fxe4 Qa3 25. Rcc2 c4 26. Ka1 Qxe3 27. f5
Qxe4 28. Re2 Qd3 29. fxe6+ Kg7 30. Rcd2 Qf3 31. e7 Re8 32. Qe1 Qf6 33. Re5
Rbxe7 34. Rde2 Rxe5 35. dxe5 Qe6 36. Qa5 Re7 37. a3 d4 38. Qd8 Qd7 39. Qb8 Qc7
40. Qb4 Rxe5 41. Rf2 Qe7 0-1

[Event "XtraCon-Skakligaen"]
[Site "Denmark"]
[Date "2010.01.31"]
[Round "6.1"]
[White "Aabling Thomsen, Jakob"]
[Black "Antonsen, Mikkel"]
[Result "0-1"]
[WhiteElo "2312"]
[BlackElo "2439"]
[PlyCount "84"]
[EventDate "2009.11.07"]
[EventType "team-tourn"]
[EventRounds "9"]
[WhiteTeam "Norresundby"]
[BlackTeam "Naestved"]
[WhiteTeamCountry "DEN"]
[BlackTeamCountry "DEN"]

1. e4 e5 2. Nf3 Nc6 3. Bc4 Bc5 4. d3 Nf6 5. c3 O-O 6. Bg5 d6 7. Bb3 a6 8. Nbd2
Ba7 9. Nf1 h6 10. Bh4 g5 11. Nxg5 hxg5 12. Bxg5 Nxe4 13. Be3 Bxe3 14. Nxe3 Ng5
15. h4 Nh7 16. g4 Be6 17. g5 Qd7 18. Rg1 Kh8 19. Qh5 Bxb3 20. axb3 Qe6 21.
O-O-O Rg8 22. Rg3 Ne7 23. Qf3 a5 24. d4 e4 25. Qg2 Nf5 26. d5 Qe5 27. Nxf5 Qxf5
28. Rd4 Rae8 29. Qg1 Re5 30. Qe1 Qf4+ 31. Re3 Qxh4 32. Rexe4 Rxe4 33. Rxe4
Qxg5+ 34. Kc2 Qf5 35. Kc1 Qxd5 36. Kb1 Qxb3 37. Rh4 Qd5 38. c4 Qd3+ 39. Ka2 a4
40. Qc1 Qb3+ 41. Ka1 a3 42. bxa3 Ra8 0-1